00371nam a2200145Ia 4500008004100000020001500041041000800056082001700064100002500081245002000106250000600126260006200132300000800194650002300202210716s1997 xx 000 0 und d a818598414X aeng a374.22 GOLE aGoldratt, Eliyahu M. aCritical Chain. a1 aMadrasbProductivity and Quality Publishing Pvt Ltdc1997 a246 aGeneral Management